000
00196nam a2200085Ia 4500
008
180219s9999 xx 000 0 und d
100
_a
Ramsakal
245
0
_a
Mulya Shiksha Ka Paripach
260
_a
R Lal Meerut
260
_c
2010
999
_c
42321
_d
42321